000 01281nam a22002777a 4500
001 BRCA_9310
003 FranzMayer
005 20230823120459.0
008 230811b |||||||| |||| 00| 0 eng d
040 _aMFM
_besp
_cMFM
050 _aBJ2549
_b1715 (12-154)
240 _aCanon Missae Pontificalis
_hCanon Missae ad usum episcoporum ac praelatorum solemniter, vel private celebratium
_lLatín
245 0 _aCanon Missae Pontificalis
_bCanon Missae ad usum episcoporum ac praelatorum solemniter, vel private celebratium
260 _aVenecia
_bEx Typographia Balleoniana
_c1762
300 _a170 p
_bilustraciones
_c41 cm
500 _aCubierta dura, con tela ropa y con adornos de plata. El material también contiene cintas rojas
500 _aEl material contiene partituras
500 _aFondo antiguo
500 _aEjemplar se encuentra en caja fuerte
500 _a12-154
501 _aFondo reservado: para su consulta es necesario credencial de usuario y carta motivos.
505 _aTexto en: latínDirigido a: teólogos, músicos, personas pertenecientes a la iglesia cristiana/católica.
650 1 _2Religión cristiana
_aLa biblia
_vTeología
_929018
651 2 _2Libros cristianos
_aLibros sobre la biblia
_vLibros teológicos
_929019
942 _2lcc
_cB
999 _c10932
_d10932